History and Historians: A Historiographical Introduction / (Record no. 617190)

000 -LEADER
fixed length control field 00417nam a22001457a 4500
020 ## - INTERNATIONAL STANDARD BOOK NUMBER
Qualifying information PB.
040 ## - CATALOGING SOURCE
Transcribing agency FIZZA ISHAQ
082 ## - DEWEY DECIMAL CLASSIFICATION NUMBER
Classification number 907.2
Author Mark GIL
100 ## - MAIN ENTRY--PERSONAL NAME
Personal name Gilderhus , Mark T.
9 (RLIN) 134217
245 ## - TITLE STATEMENT
Title History and Historians: A Historiographical Introduction /
Statement of responsibility, etc. Mark T. Gilderhus.
250 ## - EDITION STATEMENT
Edition statement 2nd ED.
260 ## - PUBLICATION, DISTRIBUTION, ETC.
Place of publication, distribution, etc. New Jersey:
Name of publisher, distributor, etc. Prentice-Hall,
Date of publication, distribution, etc. 1992.
300 ## - PHYSICAL DESCRIPTION
Extent 132 P. ;
Dimensions 14 x 1 x 20.3 cm
942 ## - ADDED ENTRY ELEMENTS (KOHA)
Source of classification or shelving scheme
Koha item type Book
Holdings
Withdrawn status Lost status Source of classification or shelving scheme Damaged status Not for loan Permanent Location Current Location Shelving location Date acquired Total Checkouts Full call number Barcode Date last seen Price effective from Koha item type
          NUST Baluchistan Campus (NBC) NUST Baluchistan Campus (NBC) General Stacks 04/20/2026   907.2 GIL QD-535 04/20/2026 04/20/2026 Book
© 2023 Central Library, National University of Sciences and Technology. All Rights Reserved.